00496nam a2200193Ia 4500003000400000005001700004008004100021020001500062040000700077041000800084082002200092100002000114245005000134260003800184300001700222365001300239650002100252650002900273OSt20230411120548.0210423s2008 xx 000 0 und d a8123903650 cAL aeng a615.19223b ALIT aALI (Mohammed). aTextbook of pharmaceutical organic chemistry. aNew DelhibCBS Publicationsc2008 aviii,475bPB b180cINR aMedical Sciences aPharmaceutical Chemistry